logo

Bir Sreshtho Munshi Abdur Rouf Library
Jhenaidah Cadet College

ব্যবহারিক শব্দকোষ / (Record no. 9689)

MARC details
000 -LEADER
fixed length control field 00654nam a22002177a 4500
001 - CONTROL NUMBER
JCCL Control Number 9689
003 - CONTROL NUMBER IDENTIFIER
JCCL marc code OSt
005 - DATE AND TIME OF LATEST TRANSACTION
control field 20180322124436.0
008 - FIXED-LENGTH DATA ELEMENTS--GENERAL INFORMATION
fixed length control field 180322b1982 ii ||||| |||| 00| 0 ben d
035 ## - SYSTEM CONTROL NUMBER
system control number (BD-JhCC)9689
040 ## - CATALOGING SOURCE
Original cataloging agency BD-JhCC
Modifying agency BD-JhCC
041 ## - LANGUAGE CODE
Language code of Book ben
082 ## - DEWEY DECIMAL CLASSIFICATION NUMBER
Classification number 491.443
Author mark and Year OUA 1967
100 ## - MAIN ENTRY--PERSONAL NAME
Personal name ওয়াদুদ, কাজী আব্দুল-
245 ## - TITLE STATEMENT
Title ব্যবহারিক শব্দকোষ /
Statement of responsibility, etc কাজী আব্দুল-ওয়াদুদ
260 ## - PUBLICATION, DISTRIBUTION, ETC. (IMPRINT)
Place of publication, distribution, etc কলকাতা :
Name of publisher, distributor, etc ডি কে বোস
Date of publication, distribution, etc 1982.
300 ## - PHYSICAL DESCRIPTION
Pagination 1152 p. :
Dimensions 20 cm.
650 ## - SUBJECT ADDED ENTRY--TOPICAL TERM
Topical term or geographic name as entry element Lexicon
942 ## - ADDED ENTRY ELEMENTS (KOHA)
Source of classification or shelving scheme Dewey Decimal Classification
Koha item type Books
Holdings
Source of classification or shelving scheme Damaged status Not for loan Home library Current library Shelving location Date of accession Total Checkouts Full call number Barcode Date last seen Copy number Koha item type
Dewey Decimal Classification     JCC Rouf Library JCC Rouf Library General Stacks 03/22/2018   491.443 OUA 1967 12829 03/22/2018 C-1 Books

JCC Library | Contacts | JCC Home

Last Update on 23 September 2017
Copyright @ 2017-2020 JCC Rouf Library
Rouf Library, Jhenidah Cadet College (JCC), Bangladesh